Comprehensive History Of Assam (Record no. 5214)

MARC details
000 -LEADER
fixed length control field 00487cam a2200181ua 4500
001 - CONTROL NUMBER
control field 6066
005 - DATE AND TIME OF LATEST TRANSACTION
control field 20260515113956.0
008 - FIXED-LENGTH DATA ELEMENTS--GENERAL INFORMATION
fixed length control field 131114n ii |||gr||||Z||||||eng
040 ## - CATALOGING SOURCE
Transcribing agency MAIN
082 ## - DEWEY DECIMAL CLASSIFICATION NUMBER
Classification number 954.162
245 11 - TITLE STATEMENT
Title Comprehensive History Of Assam
Statement of responsibility, etc. By S.L. Baruah
260 ## - PUBLICATION, DISTRIBUTION, ETC.
Place of publication, distribution, etc. New Delhi:
Name of publisher, distributor, etc. Munshiram Manoharlal Publishers Pvt Ltd,
Date of publication, distribution, etc. 1985.
300 ## - PHYSICAL DESCRIPTION
Extent xi,456p.
653 ## - INDEX TERM--UNCONTROLLED
Uncontrolled term History
653 ## - INDEX TERM--UNCONTROLLED
Uncontrolled term Comprehensive History of Assam
700 1# - ADDED ENTRY--PERSONAL NAME
Personal name Baruah,S.L.,
Relator term Author.
942 ## - ADDED ENTRY ELEMENTS (KOHA)
Koha item type Books
Holdings
Withdrawn status Lost status Damaged status Not for loan Home library Current library Shelving location Date acquired Total checkouts Full call number Barcode Date last seen Date last checked out Copy number Price effective from Koha item type
        Naharkatiya College Library Naharkatiya College Library General stacks 09/19/2020 4 954.162 | BAR 3978 02/20/2024 02/09/2024 1 09/19/2020 Books